Which State is the City in? - Statistics

General Stats
  • This quiz has been taken 69 times
  • The average score is 13 of 15
Answer Stats
City State % Correct
Albuquerque New Mexico
97%
Tucson Arizona
95%
Denver Colorado
95%
Detroit Michigan
95%
San Antonio Texas
95%
Memphis Tennessee
94%
Reno Nevada
92%
Tulsa Oklahoma
92%
Buffalo New York
90%
Baltimore Maryland
89%
Vancouver Washington
87%
Jacksonville Florida
81%
Minneapolis Minnesota
79%
Scranton Pennsylvania
73%
Great Falls Montana
55%
No matching quizzes found
Score Distribution
Percent of People with Each Score
Percentile by Number Answered
Your Score History
You have not taken this quiz